000 01276nam0a2200277 i 4500
001 RU\NLR\BIBL_A\011298994
005 20240921194628.0
010 _a9785967515712
_9500
021 _aRU
_b2016-94384
_96255
035 _a(NLR Aleph) 011298994
090 _a10965704
_c10965704
100 _a20161223d2016 k y0rusy50 ca
101 0 _arus
102 _aRU
105 _aa|||z|||000zy
200 1 _aКлариевый (африканский) сом (Clarias gariepinus burchell) (биология, размножение, выращивание)
_eмонография
_fВ.А. Власов
_gМ-во сел. хоз-ва Рос. Федерации, Рос. гос. аграр. ун-т - МСХА им. К.А. Тимирязева
210 _aМосква
_cИзд-во РГАУ - МСХА
_d2016
215 _a109 с.
_cцв. ил.
_d21
320 _aБиблиогр.: с. 90-109 (317 назв.)
606 1 _aСомы клариевые
_92116581
_3RU\NLR\AUTH\661582128
686 1 _aП729.23
700 1 _7ca
_8rus
_aВласов
_bВ. А.
_cд-р с.-х. наук, канд. биол. наук
_gВалентин Алексеевич
_988281
_3RU\NLR\AUTH\77105356
942 _cBOOK
980 _aNBR